Statistiques concernant Jeux-vidéos les plus regardés en 2023

Cliquez ici pour prendre le quiz!

Statistiques générales

  • Ce quiz a été pris 2 276 fois
    (1 918 depuis la dernière actualisation)
  • Le résultat moyen est 14 sur 35

Statistiques - réponses

Monde ou France#Heures de vuesRéponse% Correct
France451 170 033Fortnite
87%
Monde5608 627 846Fortnite
87%
Monde11 320 717 800League of Legends
73%
France1126 217 608League of Legends
73%
France534 608 833Minecraft
71%
Monde6583 314 420Minecraft
71%
France290 853 054Grand Theft Auto V
67%
Monde21 319 411 652Grand Theft Auto V
67%
Monde3993 158 788Valorant
67%
France353 176 910Valorant
67%
Sortis en 2023 : Monde765 804 251Call of Duty : Modern Warfare III
66%
Sortis en 2023 : France54 717 966Call of Duty : Modern Warfare III
66%
France725 741 710Rocket League
64%
Sortis en 2023 : Monde2133 161 685EA Sports FC 24
62%
Sortis en 2023 : France111 649 567EA Sports FC 24
62%
France1014 795 014Fifa 23
61%
Monde4685 716 257Counter-Strike
46%
Monde9404 436 989Apex Legends
36%
Sortis en 2023 : France45 426 122Zelda : Tears of the Kingdom
30%
France919 182 375World of Warcraft
28%
Monde8440 100 187World of Warcraft
28%
France627 878 661Call of Duty : Warzone
27%
Monde7551 468 887Dota 2
19%
France823 651 872Teamfight Tactics
16%
Sortis en 2023 : Monde669 758 464Baldur's Gate 3
15%
Sortis en 2023 : France64 001 053Baldur's Gate 3
15%
Sortis en 2023 : France36 623 109Hogwarts Legacy
8%
Sortis en 2023 : Monde486 138 128Hogwarts Legacy
8%
Sortis en 2023 : Monde1248 483 376Diablo 4
6%
Sortis en 2023 : France210 421 379Diablo 4
6%
Sortis en 2023 : Monde860 872 864Resident Evil 4 Remake
6%
Sortis en 2023 : Monde575 092 037Dark & Darker
5%
Sortis en 2023 : Monde3111 287 370Street Fighter 6
5%
Sortis en 2023 : France73 912 033Only Up
3%
Monde10333 768 545Escape from Tarkov
1%

Distribution des résultats

Percentile par nombre de réponses

% des personnes avec chaque résultat

Votre développement - résultats

Vous n’avez pas pris ce quiz depuis la dernière actualisation